000
00297nam a2200133Ia 4500
008
090707b ii f a fnsan d
100
_a
Jagiasu, Joga Singh
_9
4886
245
_a
Tere khayal vich
260
_a
Delhi
260
_b
H.K. Prakashan
260
_c
2003
300
_a
151p
942
_c
BK
999
_c
20310
_d
20310